| 000 | 01177nas a2200313 4500 | ||
|---|---|---|---|
| 001 | BR8200974 | ||
| 003 | BR-BrBNA | ||
| 005 | 20231205085041.0 | ||
| 007 | ta | ||
| 008 | 230509b bl.|||p| |||| 00| 00por d | ||
| 040 |
_aBR-BrBNA _bpor _cBiblioteca Nacional de Agricultura |
||
| 041 | _a(Pt) | ||
| 072 | _aF22; P12 | ||
| 100 | 1 | _aEspinoza, W. | |
| 100 | 1 | _aReis, A.E.G. dos | |
| 245 | 1 | _aLixiviacao de Ca, K e Mg em um latossolo vermelho-escuro (LE)de cerrados, 1: magnitude e variabilidade do fenomeno na epoca chuvosa [Calcio; Potassio; Magnesio; Milho; Zea mays; Brasil] | |
| 246 | 1 | _aLeaching of Ca, K. and Mg in a dark-red latosol (LE)of cerrados, 1: magnitude variability of the phenomenon under rainfall [Calcium; Potassium; Magnesium; Maize; Zea mays; Brazil] | |
| 650 | _aFisica do solo | ||
| 650 | _aDrenagem | ||
| 650 | _aMilho | ||
| 650 | _aCalcio | ||
| 650 | _aPotassio | ||
| 650 | _aMagnesio | ||
| 650 | _aLatossolo vermelho escuro | ||
| 650 | _aCerrado | ||
| 773 | 0 |
_tPesquisa Agropecuaria Brasileira (Brazil) _xISSN 0100-204X _g(Feb 1982), v. 17(2) p. 299-317 _wBR8200974 |
|
| 909 |
_a202311 _bLúcia _c55 _dLúcia Elande |
||
| 942 |
_2AGRIS _n0 _cANA |
||
| 999 |
_c108889 _d108889 |
||